LEADER 00959nam2-22003371i-450- 001 990002005100403321 005 20090407151150.0 035 $a000200510 035 $aFED01000200510 035 $a(Aleph)000200510FED01 035 $a000200510 100 $a20030910d1901----km-y0itay50------ba 101 0 $aeng 102 $aGB 105 $ay---a---001yy 200 1 $aPolyzoa$fF. Sidney Harmer 210 $aLondon$cMcMillan$d1901 215 $ap. [463]-563$d22 cm 225 1 $a<>Cambridge Natural History$h8$iWorms, rotifers and polyzoa$v2 461 0$1001000206414$12001$aWorms, rotifers and polyzoa 610 0 $aPolyzoa 610 0 $aZoologia$aTrattati 676 $a595.1 700 1$aHarmer,$bSidney Frederic$c$f<1862-1950>$084729 801 0$aIT$bUNINA$gRICA$2UNIMARC 901 $aBK 912 $a990002005100403321 952 $a61 II A.4/013.1$b205$fDAGEN 959 $aDAGEN 996 $aPolyzoa$9402940 997 $aUNINA